000 00536nam a2200205Ia 4500
008 170918s9999 xx 000 0 und d
020 _a439289785
050 _bB852 2001
100 _aBridwell, Norman
245 4 _aThe dog who cried "woof"! /
245 _cNorman Bridwell ; adapted by Bob Barkly ; illustrated by John Kurtz.
260 _aNew York :
260 _bScholastic,
260 _c2001
300 _aunpaged :
300 _bcolored illustration ;
300 _c23cm.
440 _aBig red dog.
500 _a100
999 _c342453
_d342453